| 000 | 00394nam a22001697a 4500 | ||
|---|---|---|---|
| 005 | 20160701105949.0 | ||
| 008 | 160701b xxu||||| |||| 00| 0 eng d | ||
| 020 | _a978-81-318-0128-5 | ||
| 041 | _aeng | ||
| 082 | _b20240 | ||
| 100 |
_aPurmia Dr BC & 0ther _93361 |
||
| 245 | _aBuilding Construction | ||
| 260 | _bLaxmi | ||
| 300 | _a662 | ||
| 650 |
_aDiploma Engineering _9817 |
||
| 942 | _cBK | ||
| 999 |
_c5024 _d5022 |
||